| 000 | 004170000a22001690004500 | ||
|---|---|---|---|
| 003 | LK-CoMWRAF | ||
| 008 | 230817t ||||| |||| 00| 0 eng d | ||
| 020 | _a1856493989 | ||
| 040 |
_aLK-CoMWRAF _dLK-CoMWRAF _eLK-CoMWRAF |
||
| 041 | _aeng | ||
| 082 |
_a180 _bMER |
||
| 100 | _aMernissi, Fatima | ||
| 245 |
_aWomen's Rebellion & Islamic Memory _b |
||
| 260 |
_aLondon _bZed Books _c1996 |
||
| 300 | _ap.131 | ||
| 942 | _cBK | ||
| 999 |
_c289 _d289 |
||